000 00369nam a2200145Ia 4500
008 230917s9999||||xx |||||||||||||| ||und||
040 _e71610
_aMAIN
041 _aEnglish
082 _a519.5 C361F
100 _aChandra, T K
245 0 _aFirst course in asymptotic theory of statistics
260 _aNew Delhi
_bNarosa
_c1999
300 _aviii, 256 p.
942 _cBK
999 _c92933
_d92933